LEADER 01569nam0 2200361 i 450 001 RAV1985467 005 20251003044332.0 010 $a9788815245380 020 $aIT$b2013-437 100 $a20240227d2013 ||||0itac50 ba 101 | $aita 102 $ait 181 1$6z01$ai $bxxxe 182 1$6z01$an 183 1$6z01$anc$2RDAcarrier 200 1 $aˆLa ‰rincorsa frenata$el'industria italiana dall'unità alla crisi globale$fPatrizio Bianchi 210 $aBologna$cIl mulino$d2013 215 $a358 p.$d21 cm 225 | $aˆLe ‰vie della civiltà 410 0$1001CFI0025045$12001 $aˆLe ‰vie della civiltà 606 $aIndustria$xItalia$xStoria$2FIR$3LO1C276616$9E 676 $a338.0945$9PRODUZIONE. Storia. Italia$v19 676 $a338.0945$9PRODUZIONE. Italia$v20 676 $a338.0945$9PRODUZIONE. Italia$v23 700 1$aBianchi$b, Patrizio$3CFIV041356$0319416 801 3$aIT$bIT-000000$c20240227 850 $aIT-BN0095 901 $bNAP 01$cBCA $nComprende monografie e periodici di diritto, testi di ingegneria, di scienze e tecnologia di nuova acquisizione. 912 $aRAV1985467 950 0$aBiblioteca Centralizzata di Ateneo$c1 v. in due copie$d 01BCA SC. SOCIAL 655$e 01 0000130015 VMA A4 1 v.$fB $h20231025$i20231027$c1 v. in due copie$d 01BCA SC. SOCIAL 655$e 01 0000130025 VMA A4(bis 1 v. (2. copia)$fY $h20231025$i20231027 977 $a 01 996 $aRincorsa frenata$941068 997 $aUNISANNIO